000 02154nam a2200397 4500
003 EC-UNACH
005 20250514093643.0
006 s||||gr|||| 00| 00
008 150116t9999 mx r gr 000 0 spa d
020 _a10121498
040 _aEC-UNACH
_cEC-UNACH
041 _aspa
082 0 4 _223
_a300
_bL017745
110 _aCentro Andino de Acción Popular (CAAP)
245 _aEcuador Debate N°97. Migraciones y Violencias
250 _aPrimera edición
264 _aQuito – Ecuador
_bCAAP
_c2016
300 _a198 páginas
_bCuadros, Gráficos
_c14,5 X 21 cm
505 _aEn medio de la tormenta perfecta: agonía de la Revolución Ciudadana y retiro del Caudillo. -- América Latina (2002-2013): ¿Reversión de las tendencias excluyentes del capitalismo neoliberal? . -- Conflictividad socio-política: noviembre 2015-febrero 2016. -- Violencias hacia los migrantes en México: un ejercicio conceptual. -- Movilidad humana, irregularidad y "tráfico ilícito de migrantes". -- Políticas migratorias restrictivas y violencia institucional contra los migrantes. -- Vulnerabilidad y violencia en el corredor Centroamérica-México-Estados Unidos. -- Inmigración de menores centroamericanos y reacciones en Estados Unidos. -- La migración indocumentada en México: Estadísticas para el análisis. --¿Crisis migratoria contemporánea? Complejizando dos corredores migratorios globales. --¿Qué hay detrás de las normas? Análisis institucional del acceso al agua de los campesinos arroceros. -- La construcción política desde los imaginarios indígenas.
650 _aREVOLUCIÓN CIUDADANA
650 _aAMÉRICA LATINA
650 _aCAPITALISMO NEOLIBERAL
650 _aMIGRACIÓN INDOCUMENTADA
650 _aCAMPESINOS ARROCEROS
700 _aBurbano de Lara, Felipe
700 _aSalgado Tamayo, Wilma
700 _aCasillas, Rodolfo
700 _aArmijo Canto, Natalia
700 _aGallegos, Argelia
942 _2ddc
_c1
999 _c13524